LIBRARY & INFORMATION CENTRE, KCAET, TAVANUR

ONLINE PUBLIC ACCESS CATALOGUE (OPAC)

Mechatronics; principles and applications / (Record no. 13357)

MARC details
000 -LEADER
fixed length control field 00440cam a2200169ua 4500
041 ## - LANGUAGE CODE
Language code of text/sound track or separate title eng
082 ## - DEWEY DECIMAL CLASSIFICATION NUMBER
Classification number 621.3
Item number ONW/ME
100 ## - MAIN ENTRY--AUTHOR NAME
Personal name Onwubolu, Godfrey C .
245 ## - TITLE STATEMENT
Title Mechatronics; principles and applications /
260 ## - PUBLICATION, DISTRIBUTION, ETC. (IMPRINT)
Place of publication :
Name of publisher Butterworth Heinmann ,
Year of publication 2006.
300 ## - PHYSICAL DESCRIPTION
Number of Pages 645 ; .
942 ## - ADDED ENTRY ELEMENTS (KOHA)
Koha item type Books
Holdings
Withdrawn status Lost status Damaged status Home library Current library Date acquired Full call number Accession Number Koha item type
      KAUAET KAUAET 07/04/2012 621.3 21597 Books
free website counter